Quizzes
Events
Quiz Creation
Community
Videos
Private Events
Remove Ads
Sign In
Join for FREE
Feedback
Dark Mode
Quiz Categories
Sports
Geography
Music
Movies
Television
Just For Fun
Miscellaneous
History
Literature
Language
Science
Gaming
Entertainment
Religion
Holiday
For Kids
Quiz Lab
Recent
Popular Today
Quiz Kudos Today
Editor Picks
Curator Picks
Quizzes by...
Day
Popularity
Type
Ratings
Length
Year
Community
Subscriptions
Recent Discussions
Orange Saloon
Badges
Playlists
Quests
Create
Leaderboards
Showdown
Live 5
Trivia Bingo
Activity
Puzzle Library
Sporcle Events
Private Events
Virtual Trivia
Globe League
Become a Host
Pub Owners
SporcleCon
Opinionation
Our Games
Videos
Blog
Mobile Apps
Partnerships
Remove Ads and Go Orange
Feedback
Gaming
Video Games
Board Games
Card Games
Pokémon
Mario
Nintendo
Minecraft
Console
Toys
Legend of Zelda
Gaming
Video Games
Board Games
Card Games
Pokémon
Mario
Nintendo
Minecraft
Console
Toys
Legend of Zelda
Random Quiz
Search Sporcle
×
Quiz Lab
Quiz Lab
Gaming
class
Type in answers that appear in a list
Type in answers that appear in a list
Classic
Best Score? Go Orange.
Classes of Ragnarok Online Stats
Can you name the classes of Ragnarok Online?
By
Jaedyn
5m
49 Questions
562 Plays
562 Plays
562 Plays
Comments
Comments
Give Quiz Kudos
Give Quiz Kudos
-
- Ratings
hide this ad
More Info
Replay
Link that replays current quiz
Next Quiz
Link to next quiz in quiz playlist
You Got
0%
They Got
Avg Score
73%
Avg Friend Score
Upgrade to see
Score Distribution
Jump to the score distribution portion of the page
Score
0/49
Timer
05:00
0
Plays Today
Tier
Class
% Correct
0
Novice
97.9%
1-
1
Magician
96.6%
1-
1
Archer
95.9%
2-
1
Knight
95.9%
1-
1
Swordman
95.2%
1-
1
Thief
94.5%
1-
1
Merchant
93.2%
2-
1
Wizard
92.9%
2-
1
Priest
92.9%
2-
1
Assassin
92.5%
2-
1
Hunter
90.7%
1-
1
Acolyte
90.4%
2-
1
Blacksmith
88.6%
2-
2
Bard/Dancer
88.3%
2-
2
Monk
87.5%
2-
2 (Trans)
Paladin
86.1%
2-
1 (Trans)
High Wizard
84.5%
2-
2
Rogue
84%
2-
2
Sage
83.6%
2-
1 (Trans)
High Priest
83.5%
2-
2
Alchemist
83.1%
2-
2
Crusader
82.9%
2-
1 (Trans)
Lord Knight
82.2%
2-
1 (Trans)
Assassin Cross
82.2%
2-
1 (Trans)
Sniper
80.8%
Tier
Class
% Correct
1-
1
Taekwon Kid
80.1%
2-
1 (Trans)
Whitesmith
79.9%
Special
Ninja
77.8%
Special
Super Novice
75.6%
Special
Gunslinger
73.8%
2-
2 (Trans)
Clown/Gypsy
71.7%
2-
2 (Trans)
Creator
70.8%
2-
2 (Trans)
Stalker
70.1%
2-
2 (Trans)
Champion
69.4%
2-
2 (Trans)
Professor
68.5%
2-
2
Soul Linker
65.1%
3-
1
Rune Knight
60.9%
3-
1
Ranger
49.5%
3-
1
Warlock
48.4%
3-
1
Archbishop
48.4%
3-
1
Guillotine Cross
47.2%
2-
1
Star Gladiator
46.4%
3-
2
Minstrel/Wanderer
43.8%
3-
1
Mechanic
43.6%
3-
2
Royal Guard
41.1%
3-
2
Shura
36.7%
3-
2
Sorcerer
35.2%
3-
2
Shadow Chaser
34%
3-
2
Genetic
29.7%
Quiz Playlist
Details
Report
Send in Message
Add To Playlist
More Info:
Transcendent first classes are not included. (IE: High Novice).
Classic:
Type in answers that appear in a list
Quiz Source
Last Updated: Feb 16, 2017
Quiz Scoreboard
CHALLENGE
Sign Up to Join the Scoreboard
Show All
Scores
Hide
Comments
May contain spoilers
Recently Published
Decade Duel: World Leaders
by jenniferyan
History
4m
Alphabetical 'K' Countries by Flag Minefield
by ylime102
Geography
3m
Pick 6: Fruits
by JohnFran
Miscellaneous
15s
More to Explore
Quiz From the Vault
Featured Blog Post
15 Basketball Trivia Facts You Can Be March Mad About
hide this ad
You Might Also Like...
Tags
class
online
Tier
Today's Top Quizzes in Gaming
Browse Gaming
hide this ad
Today's Top Quizzes in class
Browse class
Top Contributed Quizzes in Gaming
1
Pokémon Gen IV Logic Puzzle (HARD)
2
HARD Pokemon Logic Puzzle
3
Honkai: Star Rail Technique Names Quiz
4
Order Genshin Impact characters by release date!
5
Genshin Impact Logic Puzzle
6
Magic: the Gathering Set Symbols - LCI
7
Genshin Impact Logic Puzzle Quiz
8
Rainbow Six Siege Operators by Picture
9
Wii Remote Buttons
10
Genshin Impact Logic Puzzle Quiz II
Explore More
Trending Topics
Marvel
Kpop
Crossword
NBA
Disney
Harry Potter
Anime
Song
WWE
Puzzle
Soccer
The Office
Pokémon
Country
NFL
hide this ad
More By:
Jaedyn
Quiz
Plays
Rating
Category
Featured
Created
Dungeons and Dragons 3.5 Base Classes
840
4.75
Gaming
Mar 16, 2010
Classes of Ragnarok Online
562
4.33
Gaming
Apr 25, 2010
Go to Creator's Profile
Score Distribution
Quiz Creator Spotlight
Jaedyn
Follow
Send a Message
Quizzes Created
-
Created Quiz Play Count
-
More By This Creator
Popular Quizzes Today
1
Countries of Asia Without Outlines Minefield
2
Find the US States - No Outlines Minefield
3
Pick 6: Fruits
4
Alphabetical 'K' Countries by Flag Minefield
5
The Countries of the World
6
Find the Countries of Europe - No Outlines Minefield
7
Find the US States
8
US States
More Gaming Quizzes
Super Smash Bros. Venn Diagram II
Curator's Pick
Trending Quizzes
Pick 6: Mountains
Pick 6: Harry Potter
Pick 6: Flags
Pick 6: NFL Teams
Pick 6: Movie Franchises
Recently Updated
Adaptations: Name the Title
pecheneg
NWSL Teams
pecheneg
Women's Final Four Teams by Year
bhenderson79
Presidents Quartet II
eogle
Anything But Clue(do)
eogle
Anything But Oceanian Capitals
eogle
Anything But 7
eogle
Anything But Thing
eogle
Word Ladder: February 29
pecheneg
Song Title Questions
pecheneg
Trending Topics
Marvel
Disney
Harry Potter
NBA
Crossword
Anime
Kpop
Pokémon
Country
The Office
Soccer
WWE
Puzzle
Song
NFL
Your Account Isn't Verified!
In order to create a playlist on Sporcle, you need to verify the email address you used during registration. Go to your
Sporcle Settings
to finish the process.
Report this User
Report this user for behavior that violates our
Community Guidelines
.
Details:
Send Report
Go to the Sporcle.com Mobile Site →
Comments